000 00460nam a2200169 a 4500
005 20140412111232.0
008 010523s19uu xx 00 eng d
020 _a0-307-12299-9
050 _aER
_bTr67 1984
100 _aDiFiori, Lawrence
245 _aThe truck book /
_cby Lawrence Difiori.
260 _aNew York :
_bA Golden Book,
_c1984.
300 _a1v. (unp.) ; ill.
440 _aA Golden Sturdy Shape Book
650 _aTrucks
999 _c102195
_d102195